[Event "Barcelona Pujol Memorial 3rd"]
[Site "Barcelona"]
[Date "2011.09.28"]
[Round "1"]
[White "Gerss, Martin"]
[Black "Asis Gargatagli, Hipolito"]
[Result "0-1"]
[WhiteElo "1848"]
[BlackElo "2444"]
[PlyCount "50"]
[EventDate "2011.09.28"]
[EventType "swiss"]
[EventRounds "9"]
[EventCountry "ESP"]
[SourceTitle "EXT 2013"]
[Source "ChessBase"]
[SourceDate "2012.11.22"]
[SourceVersion "1"]
[SourceVersionDate "2012.11.22"]
[SourceQuality "1"]

1. e4 c5 2. Nf3 d6 3. d4 cxd4 4. Nxd4 Nf6 5. Nc3 a6 6. Bc4 e6 7. Qe2 b5 8. Bb3 Bb7 9. Be3 Nbd7 10. 0-0-0 Rc8 11. Bd5 exd5 12. Nxd5 Nxd5 13. exd5 Be7 14. Bg5 Ne5 15. Bxe7 Qxe7 16. f4 Ng6 17. Qf2 0-0 18. h4 Qf6 19. f5 Ne5 20. Rhg1 h5 21. Kb1 Bxd5 22. Qe2 Ng4 23. Qd2 Rfe8 24. Ka1 Ne3 25. Rde1 Qxd4 0-1

[Event "Barcelona ASPE op 1st"]
[Site "Barcelona"]
[Date "2011.04.19"]
[Round "3"]
[White "Echarri Torres, Miguel"]
[Black "Gerss, Martin"]
[Result "0-1"]
[WhiteElo "2095"]
[BlackElo "1849"]
[PlyCount "92"]
[EventDate "2011.04.05"]
[EventType "swiss"]
[EventRounds "9"]
[EventCountry "ESP"]
[SourceTitle "CBM 142 Extra"]
[Source "ChessBase"]
[SourceDate "2011.06.27"]
[SourceVersion "1"]
[SourceVersionDate "2011.06.27"]
[SourceQuality "1"]

1. d4 Nf6 2. Nf3 c5 3. c4 cxd4 4. Nxd4 e5 5. Nb5 d5 6. cxd5 Bc5 7. e3 0-0 8. N5c3 e4 9. Nd2 Bf5 10. Be2 Qe7 11. a3 Rd8 12. b4 Bd6 13. Bb2 Nbd7 14. Nc4 Ne5 15. Nb5 Nxc4 16. Bxf6 Qxf6 17. Bxc4 Be5 18. Nd4 Qg5 19. Kf1 Rd6 20. h4 Rh6 21. hxg5 Rxh1+ 22. Ke2 Rxd1 23. Rxd1 Bg6 24. Rd2 Kf8 25. f3 Rc8 26. Ba2 Rc3 27. Nb3 b6 28. f4 Bh5+ 29. Kf2 Bxf4 30. exf4 e3+ 31. Ke1 exd2+ 32. Kxd2 Rg3 33. Nc1 Rxg2+ 34. Kc3 Ke7 35. Bc4 Rg3+ 36. Kd4 Rxa3 37. Nd3 f6 38. gxf6+ gxf6 39. Nf2 Bg6 40. Ng4 h5 41. Ne3 h4 42. Bf1 a5 43. d6+ Kd7 44. Bb5+ Kd8 45. Nd5 h3 46. Ne7 Be8 0-1

[Event "Barcelona ASPE op 1st"]
[Site "Barcelona"]
[Date "2011.04.05"]
[Round "1"]
[White "Perez Mitjans, Orelvis"]
[Black "Gerss, Martin"]
[Result "1-0"]
[WhiteElo "2457"]
[BlackElo "1849"]
[PlyCount "39"]
[EventDate "2011.04.05"]
[EventType "swiss"]
[EventRounds "9"]
[EventCountry "ESP"]
[SourceTitle "CBM 142 Extra"]
[Source "ChessBase"]
[SourceDate "2011.06.27"]
[SourceVersion "1"]
[SourceVersionDate "2011.06.27"]
[SourceQuality "1"]

1. e4 e5 2. d4 exd4 3. Qxd4 Nc6 4. Qe3 Nf6 5. Bd2 g6 6. Nc3 Bg7 7. 0-0-0 0-0 8. Qg3 d5 9. exd5 Nxd5 10. Bg5 Nce7 11. Nxd5 Nf5 12. Bxd8 Nxg3 13. Ne7+ Kh8 14. hxg3 Be6 15. Bxc7 Rfe8 16. Bd6 Rad8 17. Bb5 Rxe7 18. Bxe7 Bxb2+ 19. Kxb2 Rxd1 20. Be2 1-0